[Event "Open de la Constitución 2019"]
[Site "S. S. de los Reyes ESP"]
[Date "2019.12.08"]
[Round "9.30"]
[White "Valle Fernandez de Castro, Luis"]
[Black "Ruiz Grau, David"]
[Result "0-1"]
[WhiteElo "1174"]
[BlackElo "1326"]
[PlyCount "78"]
[EventDate "2019.11.30"]
[EventType "swiss"]
[EventRounds "9"]
[EventCountry "ESP"]
[SourceTitle "Ajedrez en Madrid"]
[Source "lmi"]
[SourceDate "2019.11.30"]
[SourceVersion "1"]
[SourceVersionDate "2019.12.16"]
[SourceQuality "1"]

1. e4 c5 2. Nf3 e6 3. d4 cxd4 4. Nxd4 Nc6 5. Nb3 Qc7 6. Nc3 a6 7. Bd2 Nf6 8. f4
d6 9. Qf3 Be7 10. O-O-O O-O 11. g4 e5 12. f5 g6 13. Rg1 b5 14. h4 Nd7 15. h5 g5
16. Nd5 Qd8 17. Be3 h6 18. Bd3 Bb7 19. Rdf1 f6 20. c3 Rc8 21. Bd2 Rf7 22. Qe3
Na5 23. Na1 Bxd5 24. exd5 Nb6 25. Be4 Nac4 26. Qd3 Nxd2 27. Qxd2 Bf8 28. Nc2 a5
29. a3 Rfc7 30. Rg3 Na4 31. Qd3 Rc4 32. Rff3 Qb6 33. Qe2 b4 34. b3 Nxc3 35.
Qxc4 Rxc4 36. bxc4 Nxe4 37. Rh3 Qg1+ 38. Kb2 Nd2 39. Rfg3 Qb1# 0-1